Southville International School and Colleges
Your cart is empty.
  • Cart
  • Lists
    Public lists Eva Luna New books Lux_list list_1
    Your lists Log in to create your own lists
  • Log in to your account
  • Your cookies
  • Search history
Southville International School and Colleges
  • Advanced search
  • Recent comments
  • Most popular
  • Libraries

Log in to your account

Log in with GOOGLE


If you do not have an external account, but do have a local account, you can still log in:

  1. Home
  2. MARC view: Amber Brown :
Normal view MARC view ISBD view

Amber Brown : (Record no. 34999)

[ view plain ]
MARC details
000 -LEADER
fixed length control field 00520nam a22001937a 4500
003 - CONTROL NUMBER IDENTIFIER
control field OSt
005 - DATE AND TIME OF LATEST TRANSACTION
control field 20140310184519.0
008 - FIXED-LENGTH DATA ELEMENTS--GENERAL INFORMATION
fixed length control field 131016t xxu||||| |||| 00| 0 eng d
020 ## - INTERNATIONAL STANDARD BOOK NUMBER
International Standard Book Number 9780590934251
050 ## - LIBRARY OF CONGRESS CALL NUMBER
Classification number PZ 7
Item number .D199Ab 1996
100 ## - MAIN ENTRY--PERSONAL NAME
Personal name Danziger; Paula
9 (RLIN) 4178
245 ## - TITLE STATEMENT
Title Amber Brown :
Remainder of title goes fourth /
Statement of responsibility, etc Paula Danziger
260 ## - PUBLICATION, DISTRIBUTION, ETC. (IMPRINT)
Place of publication, distribution, etc ld Greenwich, CT :
Name of publisher, distributor, etc Listening Library,
Date of publication, distribution, etc 1996.
300 ## - PHYSICAL DESCRIPTION
Extent 101 p :
Other physical details ill. ;
Dimensions 21 cm.
521 ## - TARGET AUDIENCE NOTE
Target audience note
526 ## - STUDY PROGRAM INFORMATION NOTE
Reading level 630
942 ## - ADDED ENTRY ELEMENTS (KOHA)
Source of classification or shelving scheme Library of Congress Classification
Koha item type
Holdings
Withdrawn status Lost status Source of classification or shelving scheme Damaged status Home library Current library Shelving location Date acquired Source of acquisition Total Checkouts Full call number Barcode Date last seen Copy number Price effective from Koha item type
    Library of Congress Classification   Luxembourg Library Luxembourg Library Scholastic Reading Center Section 10/16/2013 Donation   PZ 7 .D199Ab 1996 SCHO0557 04/18/2017 1 10/16/2013 Books

Amber Brown :

APA

Danziger; Paula, . (1996). Amber Brown. ld Greenwich, CT: Listening Library.

Chicago

Danziger; Paula, . 1996. Amber Brown. ld Greenwich, CT: Listening Library.

Harvard

Danziger; Paula, . (1996). Amber Brown. ld Greenwich, CT: Listening Library.

MLA

Danziger; Paula, . Amber Brown. ld Greenwich, CT: Listening Library. 1996.

  • Place hold
  • Print
  • Cite
  • Add to your cart (remove)
  • Save record
    BIBTEX Dublin Core MARCXML MARC (non-Unicode/MARC-8) MARC (Unicode/UTF-8) MARC (Unicode/UTF-8, Standard) MODS (XML) RIS
  • More searches
    Search for this title in:
    Other Libraries (WorldCat) Other Databases (Google Scholar) Online Stores (Bookfinder.com) Open Library (openlibrary.org)

Exporting to Dublin Core...

SOUTHVILLE LIBRARY

Southville International School and Colleges Library

1281 Tropical Ave. Cor. Luxembourg St., BF Homes International, Las Pinas City

Tel. No. 8256374 / 252358 Loc. 117/146

Powered by Koha